Linking biomedical and indigenous African healthdlivery systems: an assessment of collaborative efforts during the 1980s (Record no. 49333)

MARC details
000 -LEADER
fixed length control field 00882nam a2200181 a 4500
008 - FIXED-LENGTH DATA ELEMENTS--GENERAL INFORMATION
fixed length control field 091030s1988 ||||||||||||||||| || u
050 ## - LIBRARY OF CONGRESS CALL NUMBER
Classification number ASC(01)
100 ## - MAIN ENTRY--PERSONAL NAME
Personal name Warren, Dennis M
245 10 - TITLE STATEMENT
Title Linking biomedical and indigenous African healthdlivery systems: an assessment of collaborative efforts during the 1980s
260 ## - PUBLICATION, DISTRIBUTION, ETC.
Place of publication, distribution, etc. Leiden:
Name of publisher, distributor, etc. ASC
Date of publication, distribution, etc. 1988
300 ## - PHYSICAL DESCRIPTION
Extent 13p.
350 ## - PRICE (NR) (BK AM CF MU VM SE) [OBSOLETE]
Price 0.00
500 ## - GENERAL NOTE
General note Paper presented at the International Conference on Ethnomedical Systems in Sub-Sahara Africa, Leiden 1-4 June 1988. A Cultural perspective on tradtional medicine and the concept of disease.
650 ## - SUBJECT ADDED ENTRY--TOPICAL TERM
Topical term or geographic name entry element TRADITIONAL MEDICINE--AFRICA, SUB-SAHARAN
650 ## - SUBJECT ADDED ENTRY--TOPICAL TERM
Topical term or geographic name entry element MEDICINE
710 ## - ADDED ENTRY--CORPORATE NAME
Corporate name or jurisdiction name as entry element Africa Studies Centre (ASC)
995 ## - RECOMMENDATION 995 [LOCAL, UNIMARC FRANCE]
-- 0.00
-- CBU-MAIN LIBRARY (Kitwe)
-- 1
-- 0.00
-- 1
-- AVAILABLE
-- Oct 30, 2009
-- International Publications
Holdings
Withdrawn status Lost status Source of classification or shelving scheme Damaged status Not for loan Home library Current library Shelving location Date acquired Total Checkouts Full call number Barcode Date last seen Price effective from Koha item type
          CBU-MAIN LIBRARY, KITWE. CBU-MAIN LIBRARY, KITWE.   11/30/2022   ASC(01) Z03004748 11/30/2022 11/30/2022 MONOGRAPH